Państwa, w których hokej na lodzie jest najpopularniejszym - Statystyki

Ogólne statystyki
  • Ten quiz został rozwiązany 1 240 razy
  • Średni wynik to 3 z 5
Statystyki odpowiedzi
Kontynent Państwo % Poprawnych
Ameryka Północna Kanada
98%
Europa Finlandia
87%
Europa Łotwa
55%
Europa Słowacja
55%
Europa Austria
36%
Nie znaleziono quizów pasujących do podanych kryteriów
Rozkład punktacji
Procent ludzi z każdym wynikiem
Percentyl według liczby udzielonych odpowiedzi
Twoja historia wyników
Nie rozwiązałeś tego quizu